000 00300cam a22001097a 4500
008 180718b1955 xxu||||| |||| 00| 0 eng d
082 _aP93 At62
245 _aStaff manual Atlanta Public Library
260 _aAtlanta
_bAtlanta Public Library
_c1955
300 _a47p.
650 _aLibrary administration
999 _c478147
_d478147